00546nam a2200133 a 450000100100000000500170001000800410002704000250006824500770009326000760017030000440024695201050029099900170039500003874520201002031345.0130419s2006 dr 000 0 spa d aDO-SdBNPbspacBNPHU00aPor la superación de la pobreza y la equidad social :bmemoria 2006 /. aSanto Domingo :bCentro de Estudios Sociales ;bCentro Montalvo,c2006. a46 p. :bil., gráf., retrs. ;c29 cm. 0010718PDaPDbPDcCTd2013-04-19iLF1l0o p38745-10r2020-06-25w2020-06-25yLFPDZNo se presta c38235d38235